HLEDÁ SE HODNEJ TÁTA

Bibliographic Details
Main Author: Helus, Zdeněk, 1935-2016 (Author)
Format: Article
Language:Czech

MARC

LEADER 00000nab a2200000uu 4500
001 vtls011506244
003 SK-MaSNL
005 20260304030234.0
008 250310|1968 xo |||||||||||||||||cze|
015 |a SNBRB 
035 |a (urnnbn)urn:nbn:sk:snk:ar-a0bvgb 
035 |a (uuid)0a4a10ed-52da-4e84-837a-058e4d1df02d 
035 |a urn:nbn:sk:snk-abdzh3 
040 |a SNKBUCL  |b slo  |c SNKBUCL  |e AACR2 
041 0 |a cze 
044 |a xo  |c SK 
100 1 |a Helus, Zdeněk,  |d 1935-2016  |4 aut  |9 168712 
245 1 0 |a HLEDÁ SE HODNEJ TÁTA  |c Zdeněk Helus 
773 0 |t Zlatý máj : kritická revue tvorby pro mládež  |g Roč. 12, č. 3 (1968), s. 143-146 
958 |a OND 
958 |a article20 
999 |c 2632822  |d 2634752